La sabiduría y Jesucristo

Na minha lista:
Detalhes bibliográficos
Main Authors: Gilbert, Maurice (Author), Aletti, Jean-Noël (Author)
Formato: Livro
Idioma:espanhol
Publicado em: Pamplona Verbo Divino 1981
Colecção:Cuadernos Bíblicos, 32
Assuntos:
Tags: Adicionar Tag
Sem tags, seja o primeiro a adicionar uma tag!

MARC

LEADER 00000nam a2200000 a 4500
001 UCL7854
003 CL-VaPUC
008 040604e19810000SP |||||||||||||||||spa|d
020 |a 8471512793 
082 0 4 |a 221  |b GIL  |2 21 
100 |a Gilbert, Maurice  |e author  |9 525368 
700 0 |a Aletti, Jean-Noël  |e author  |9 485765 
245 1 3 |a La sabiduría y Jesucristo 
300 |a 74 p 
942 |c BK 
945 |d 20040604 00:00:00  |a cmena 
260 |a Pamplona  |b Verbo Divino  |c 1981 
600 0 |a Jesucristo  |9 481811 
650 0 |a Textos sagrados   |9 257605 
650 0 |a Antiguo testamento   |9 313678 
650 0 |a Biblia  |9 257603 
583 |a last modification  |c 20130402 08:39:42  |k Rodrigo Vera 
490 0 |a Cuadernos Bíblicos, 32 
999 |c 309411  |d 309409 
952 |0 0  |1 0  |4 0  |6 221_000000000000000_GIL_1981  |7 0  |8 A  |9 376848  |a BIBTEO  |b BIBTEO  |d 2019-11-21  |i 2116979  |o 221 GIL 1981  |p 2116979  |r 2025-01-17  |w 2019-11-21  |x Descarte 2019  |y BK  |k ICR